000 00422nam a22001457a 4500
999 _c7611
_d7609
005 20210327130910.0
008 210315b ||||| |||| 00| 0 eng d
082 _a346.066
100 _aAIYAR, A.N
_96466
245 _aREPORTS OF COMPANY CASES INCLUDING CASES OF BANKING AND INSURENCE [VOL-95]
260 _aCHENNAI
_bCOMPANY LAW INSTITUTE OF INDIA
_c1999
300 _a936; i-xxxii,p
650 _aLAW
_95701
942 _cJRL